| 000 | 00456cam a2200181 4500 | ||
|---|---|---|---|
| 001 | D5529 | ||
| 008 | 090401t1928 xxu||||| |||| 00| 0 eng d | ||
| 035 | _a(Sirsi) u54484 | ||
| 041 | _aeng | ||
| 050 | _a336.213 | ||
| 100 | _aHenderson, John Scott | ||
| 245 | _aRating of machinery and plant in England and Wales, July 1928 | ||
| 260 |
_aLondon _bRating & Income Tax _c1928 |
||
| 300 | _a43p. 22cm | ||
| 350 | _a0 | ||
| 942 | _n0 | ||
| 948 | _c04/03/1997 | ||
| 999 |
_c93479 _d93479 |
||